| 000 | 00570nam a2200217 a 4500 | ||
|---|---|---|---|
| 001 | BRL_580 | ||
| 005 | 20190320210817.0 | ||
| 008 | 040913s1938----ne-#######---#000-0#ger-# | ||
| 041 | _ager | ||
| 044 | _ane | ||
| 050 | 4 |
_aPT2635.E515 _b.R45 1938 |
|
| 100 | 1 |
_aReiner, Anna _924349 |
|
| 245 | 1 | 0 |
_aManja Ein Roman um Fünf Kinder _cAnna Reiner. |
| 260 |
_aAmsterdam _bQuerido Verlag _c1938 |
||
| 300 |
_a514 p. _c19 cm. |
||
| 500 | _aPasta se encuentra en desprendimiento | ||
| 500 | _aAu637 | ||
| 650 | 1 | 4 |
_aLiteratura Alemana _96160 |
| 902 | _aGRL | ||
| 942 |
_2lcc _cB |
||
| 999 |
_c9392 _d9392 |
||